Zur Problematik der Eigenkapitalbildung bei den Geschäftsbanken und der Erfüllung aufsichtsrechtlicher Anforderungen unter besonderer Berücksichtigung des neuen Körperschaftsteuerrechts Inaugural-Dissertation

Uložené v:
Podrobná bibliografia
Hlavný autor: Sonnentag, Horst
Médium: Kniha
Jazyk:German
Vydavateľské údaje: Frankfurt am Main Johann Wolfgang Goethe-Universität 1981
Tagy: Pridať tag
Žiadne tagy, Buďte prvý, kto otaguje tento záznam!

MARC

LEADER 00000nam a2200000 4500
001 c126523
005 20140320095120.8
041 0 |a ger 
044 |a DE 
245 1 0 |a Zur Problematik der Eigenkapitalbildung bei den Geschäftsbanken und der Erfüllung aufsichtsrechtlicher Anforderungen unter besonderer Berücksichtigung des neuen Körperschaftsteuerrechts  |b Inaugural-Dissertation  |c Horst Sonnentag 
264 1 |a Frankfurt am Main  |b Johann Wolfgang Goethe-Universität  |c 1981 
300 |a 417 s. 
100 1 |a Sonnentag, Horst